000 00293nam a22001337a 4500
008 180803b xxu||||| |||| 00| 0 eng d
082 _a813.52
245 _aOn music Appreciation
_cNOXOS
260 _c2007
300 _a2
_fCD
440 _x786143018101
760 _b2 nd
942 _2ddc
_cMX
999 _c46776
_d46776